000 00585nam a22001817a 4500
005 20241215120302.0
008 241215b |||||||| |||| 00| 0 eng d
020 _a9780321602619
050 _aQP31.2
_b.M36
100 _aMarieb, Elaine N.
245 _aHuman Anatomy & Physiology/
_cElaine N. Marieb & Katja Hoehn
250 _a8th ed.
_bPearson International Edition
260 _aSan Francisco
_bBenjamin Cummings/ Pearson Education
_c2010
300 _axxxii. various paging
_bill. color
_c28cm
500 _aincludes index
700 _aHoehn, Katja
942 _2lcc
_cBK
_e8th ed.
_n0
999 _c2257
_d2257